000 01631cam a2200301 i 4500
003 SA-RiAUC
005 20250709060502.0
008 250708s2002 le g 00000 ara c
040 _aSA-RiAUC
_bara
_cSA-RiAUC
_erda
082 0 4 _a810.95
090 _a810.95
_b ن ي ر
100 1 _aالنيرماني، علي بن محمد بن خلف،
_dتوفي 414 هجري
_eمؤلف.
245 1 2 _aالمنثور البهائي /
_cعلي بن محمد بن خلف الهمذاني ؛ دراسة وتحقيق عبد الرحمن بن عثمان بن عبد العزيز الهليل.
250 _aالطبعة الثانية.
264 1 _aبيروت :
_aالرياض :
_bدار الغرب الإسلامي ؛
_bعبد الرحمن بن عثمان بن عبد العزيز الهليل :
_bمركز سعود البابطين الخيري للتراث والثقافة،
_c2002
300 _a488 صفحة ؛
_c24 سم
336 _aنص
_btxt
_2rdacontent
_3كتاب
337 _aبدون وسيط
_bn
_2rdamedia
338 _aمجلد
_bnc
_2rdacarrier
650 7 _aالأدب العربي
_yالعصر العباسي
_2aucsh
650 7 _aالأدب العربي
_xتاريخ ونقد
_2aucsh
650 7 _aالشعر العربي
_2aucsh
650 7 _aالشعر العربي الحماسي
_zالبلاد العربية
_2aucsh
650 7 _aالأدب العربي
_xتاريخ ونقد
_yالعصر العباسي الثاني
_2aucsh
700 1 _aالهليل، عبد الرحمن بن عثمان بن عبد العزيز،
_d1380 هجري-
_eمحقق.
942 _2ddc
_cBOOK
_n0
949 _aSA-JeALM
_d250708
_umohamedma123
_n1
999 _c9624
_d9624